[Event "2. Bundesliga West 2018/19"]
[Site "6922  Wolfurt"]
[Date "2018.10.12"]
[Round "1"]
[Board "5"]
[White "Wagner, Leopold Franziskus"]
[Black "Pali, Philipp"]
[Result "1/2-1/2"]
[WhiteElo "1941"]
[BlackElo "2071"]
[PlyCount "87"]
[EventDate "2018.10.12"]
[EventType "team"]
[EventRounds "11"]
[EventCountry "AUT"]
[WhiteTeam "Wolfurt"]
[BlackTeam "SPG Oberland"]

1. e4 e6 2. d4 d5 3. Nc3 Bb4 4. e5 c5 5. a3 Bxc3+ 6. bxc3 Ne7 7. Qg4 cxd4 8.
Qxg7 Rg8 9. Qxh7 Qc7 10. Ne2 dxc3 11. f4 Nbc6 12. Qd3 Nf5 13. Nxc3 Bd7 14. Nb5
Qd8 15. g3 a6 16. Nc3 Rc8 17. Bh3 Ncd4 18. Bxf5 Nxf5 19. a4 Qc7 20. Bd2 Qc5 21.
Rb1 Bc6 22. Rf1 Rg6 23. Rb2 Kf8 24. Nb5 Kg7 25. Bb4 Bxb5 26. axb5 Qd4 27. Qxd4
Nxd4 28. bxa6 bxa6 29. Kd2 Rh6 30. Kd3 Nb5 31. c3 Kg6 32. Ra1 Rc6 33. Rba2 Nc7
34. Rc1 Rh8 35. Rcc2 Rc8 36. h3 Rh8 37. Rh2 Rc4 38. Ra5 Nb5 39. Rxa6 Rhc8 40.
Rf2 Kg7 41. f5 Nxc3 42. Rf4 Ne4 43. Rg4+ Kh7 44. Rh4+  1/2-1/2

[Event "2. Bundesliga West 2018/19"]
[Site "6922  Wolfurt"]
[Date "2018.10.12"]
[Round "1"]
[Board "6"]
[White "Walcher, Christian"]
[Black "Kalcher, Mathias"]
[Result "0-1"]
[WhiteElo "1897"]
[BlackElo "2070"]
[PlyCount "94"]
[EventDate "2018.10.12"]
[EventType "team"]
[EventRounds "11"]
[EventCountry "AUT"]
[WhiteTeam "SPG Oberland"]
[BlackTeam "Wolfurt"]

1. e4 c5 2. Nf3 e6 3. d4 cxd4 4. Nxd4 a6 5. g3 d5 6. Bg2 dxe4 7. Bxe4 e5 8. Nb3
Qxd1+ 9. Kxd1 Nf6 10. Bg2 Nc6 11. h3 Bf5 12. Be3 O-O-O+ 13. N1d2 Kb8 14. c3 h5
15. Bg5 Be7 16. Re1 Rhe8 17. Bxc6 bxc6 18. Rxe5 Bxh3 19. Na5 Kc7 20. Nac4 Nd5
21. Bxe7 Rxe7 22. Rxe7+ Nxe7 23. Ne3 Nf5 24. Nxf5 Bxf5 25. b4 g5 26. Ke2 h4 27.
gxh4 gxh4 28. Rh1 h3 29. Nf3 Re8+ 30. Kd2 f6 31. Ng1 Rh8 32. Ke3 Kd6 33. Kf4
Be6 34. Ne2 Rh4+ 35. Ke3 Bxa2 36. Nf4 Be6 37. Nxe6 Kxe6 38. Kf3 Rc4 39. Rc1 Rh4
40. Kg3 Rh8 41. c4 h2 42. Rh1 Ke5 43. Kg4 Kd4 44. b5 axb5 45. cxb5 cxb5 46. Kf5
b4 47. f4 Ke3  0-1

[Event "2. Bundesliga West 2018/19"]
[Site "5202 Neumarkt am Wallersee"]
[Date "2018.10.12"]
[Round "1"]
[Board "1"]
[White "Frank, Emanuel"]
[Black "Bertagnolli, Alexander"]
[Result "0-1"]
[WhiteElo "2175"]
[BlackElo "2375"]
[PlyCount "82"]
[EventDate "2018.10.12"]
[EventType "team"]
[EventRounds "11"]
[EventCountry "AUT"]
[WhiteTeam "ASK Salzburg"]
[BlackTeam "Kufstein/Woergl"]

1. d4 Nf6 2. c4 e5 3. dxe5 Ng4 4. Bf4 g5 5. Bd2 Nxe5 6. Bc3 Bg7 7. Nf3 Nbc6 8.
Nxe5 Nxe5 9. e3 Qe7 10. Be2 f5 11. Bh5+ Kd8 12. Be2 b6 13. Qc2 Bb7 14. Nd2 f4
15. e4 c5 16. O-O-O Kc7 17. Bxe5+ Bxe5 18. Bg4 d6 19. Rhe1 h5 20. Bf5 g4 21.
Nb1 f3 22. g3 Qg7 23. Nd2 Bc6 24. h4 Rab8 25. Nf1 b5 26. Ne3 bxc4 27. Nxc4 Rb4
28. b3 Rhb8 29. Ne3 a5 30. Nd5+ Bxd5 31. Rxd5 R8b6 32. Rd3 a4 33. Red1 c4 34.
bxa4 Rb1+ 35. Qxb1 Rxb1+ 36. Kxb1 cxd3 37. Rxd3 Bxg3 38. fxg3 f2 39. Rd1 Qc3
40. e5 Qe1 41. exd6+ Kd8  0-1

[Event "2. Bundesliga West 2018/19"]
[Site "5202 Neumarkt am Wallersee"]
[Date "2018.10.12"]
[Round "1"]
[Board "2"]
[White "Koepke, Elena"]
[Black "Burschowsky, Matthias"]
[Result "1-0"]
[WhiteElo "2271"]
[BlackElo "2227"]
[PlyCount "101"]
[EventDate "2018.10.12"]
[EventType "team"]
[EventRounds "11"]
[EventCountry "AUT"]
[WhiteTeam "Kufstein/Woergl"]
[BlackTeam "ASK Salzburg"]

1. e4 c5 2. c3 d5 3. exd5 Qxd5 4. d4 g6 5. Qf3 Nf6 6. Na3 cxd4 7. Nb5 Na6 8.
Nxd4 Bg7 9. Bb5+ Bd7 10. Qxd5 Nxd5 11. Bxd7+ Kxd7 12. Ngf3 Nc5 13. O-O e5 14.
Nb3 Nxb3 15. axb3 Kc6 16. c4 Nb4 17. Bd2 a5 18. Ng5 f5 19. Bc3 h6 20. Nf7 Rhf8
21. Nxe5+ Bxe5 22. Bxe5 Rfe8 23. Bc3 b6 24. Rfd1 Rad8 25. Bxb4 Rxd1+ 26. Rxd1
axb4 27. Kf1 Ra8 28. Ke2 Ra2 29. Rd2 Kc5 30. h4 Ra1 31. g3 Rb1 32. Kf3 Re1 33.
h5 gxh5 34. Kf4 h4 35. gxh4 Re4+ 36. Kxf5 Rxh4 37. f4 Rh3 38. Kg6 h5 39. f5 h4
40. Kg5 Kc6 41. Kg4 Rh1 42. Rd3 Rf1 43. Kg5 Rf2 44. f6 b5 45. cxb5+ Kxb5 46.
Rh3 Kc5 47. Rxh4 Kd5 48. Rf4 Rg2+ 49. Kf5 Kd6 50. Rd4+ Kc6 51. f7  1-0

[Event "2. Bundesliga West 2018/19"]
[Site "5202 Neumarkt am Wallersee"]
[Date "2018.10.12"]
[Round "1"]
[Board "3"]
[White "Besner, Bernhard"]
[Black "Neuschmied, Siegfried"]
[Result "0-1"]
[WhiteElo "2151"]
[BlackElo "2284"]
[PlyCount "150"]
[EventDate "2018.10.12"]
[EventType "team"]
[EventRounds "11"]
[EventCountry "AUT"]
[WhiteTeam "ASK Salzburg"]
[BlackTeam "Kufstein/Woergl"]

1. e4 d6 2. d4 Nf6 3. Nc3 g6 4. Bg5 Bg7 5. e5 Nfd7 6. exd6 cxd6 7. Nf3 Nf6 8.
Qd2 h6 9. Be3 a6 10. Bd3 Nbd7 11. O-O Nb6 12. h3 Nbd5 13. Rfe1 Nxc3 14. Qxc3
Nd5 15. Qb3 Nxe3 16. Rxe3 e6 17. Rae1 O-O 18. c3 Ra7 19. a4 Bd7 20. d5 e5 21.
Nd2 Qa5 22. Nc4 Qxd5 23. Qb6 Raa8 24. Qxd6 Qxd6 25. Nxd6 Bxa4 26. Nxb7 Rfc8 27.
Nd6 Rd8 28. Nb7 Rdb8 29. Nc5 Bc6 30. Nxa6 Rxb2 31. Nb4 Bb7 32. R1e2 Rxe2 33.
Rxe2 Rc8 34. c4 f5 35. f3 Kf7 36. Kf1 Ke6 37. Ra2 Bf8 38. Ra4 e4 39. fxe4 fxe4
40. Be2 Ke5 41. Nc2 Bc5 42. Ra5 Kf4 43. Bg4 Rc7 44. Ke2 Kg3 45. Be6 Kxg2 46.
Ne3+ Kg3 47. Nd5 Bxd5 48. cxd5 Kf4 49. Ra6 Ke5 50. Bg8 Bd6 51. Ra8 Re7 52. Be6
Rb7 53. Re8 Rb2+ 54. Kf1 Kf4 55. Rd8 Rb6 56. Ke2 e3 57. Kd3 h5 58. Bf7 Be5 59.
d6 Bxd6 60. Bxg6 Rb3+ 61. Kc2 e2 62. Bxh5 e1=Q 63. Kxb3 Qb4+ 64. Kc2 Be5 65.
Rd3 Qb2+ 66. Kd1 Qg2 67. Bg4 Qf1+ 68. Kc2 Qf2+ 69. Rd2 Qc5+ 70. Kd1 Bd4 71. Rc2
Qb4 72. Be2 Qb3 73. Bg4 Be3 74. Bh5 Bd4 75. Kd2 Bc3+  0-1

[Event "2. Bundesliga West 2018/19"]
[Site "5202 Neumarkt am Wallersee"]
[Date "2018.10.12"]
[Round "1"]
[Board "4"]
[White "Blaskowski, Johannes"]
[Black "Scheiblmaier, Robert"]
[Result "1-0"]
[WhiteElo "2301"]
[BlackElo "2192"]
[PlyCount "79"]
[EventDate "2018.10.12"]
[EventType "team"]
[EventRounds "11"]
[EventCountry "AUT"]
[WhiteTeam "Kufstein/Woergl"]
[BlackTeam "ASK Salzburg"]

1. e4 e6 2. d4 d5 3. Nd2 Nf6 4. e5 Nfd7 5. Bd3 c5 6. c3 b6 7. Ngf3 Ba6 8. Bxa6
Nxa6 9. O-O Be7 10. Qe2 Nc7 11. c4 O-O 12. Rd1 Qc8 13. b3 f5 14. exf6 Bxf6 15.
Bb2 Qb7 16. Nf1 Rae8 17. dxc5 Bxb2 18. Qxb2 Nxc5 19. Ne5 b5 20. Qd4 Ne4 21. f3
Nf6 22. c5 b4 23. Rac1 a5 24. c6 Qa6 25. Rd2 Ra8 26. Ng3 Qa7 27. Ne2 Qxd4+ 28.
Nxd4 Rfd8 29. Re2 Rd6 30. Nd3 Re8 31. Rc5 Ra8 32. Rc1 Re8 33. Rce1 g6 34. Nc5
Kf7 35. Nb7 Red8 36. Nxd8+ Rxd8 37. Nxe6 Nxe6 38. Rxe6 Ne4 39. Re5 Kf6 40. c7
 1-0

[Event "2. Bundesliga West 2018/19"]
[Site "5202 Neumarkt am Wallersee"]
[Date "2018.10.12"]
[Round "1"]
[Board "5"]
[White "Herrmann, Michael"]
[Black "Maurer, Jochen"]
[Result "1/2-1/2"]
[WhiteElo "2124"]
[BlackElo "2213"]
[PlyCount "61"]
[EventDate "2018.10.12"]
[EventType "team"]
[EventRounds "11"]
[EventCountry "AUT"]
[WhiteTeam "ASK Salzburg"]
[BlackTeam "Kufstein/Woergl"]

1. c4 e6 2. Nf3 d5 3. b3 Nf6 4. g3 Be7 5. Bg2 O-O 6. O-O a5 7. a3 a4 8. cxd5
exd5 9. b4 Nbd7 10. Nc3 c5 11. Bb2 Nb6 12. d3 Bd7 13. bxc5 Bxc5 14. Ne5 Be6 15.
Rc1 Qe7 16. Nb1 Rfe8 17. Qd2 Nbd7 18. Nxd7 Nxd7 19. d4 Bd6 20. e4 dxe4 21. Bxe4
Nf6 22. Bg2 Bd5 23. Rfe1 Qd7 24. Nc3 Bxg2 25. Kxg2 Rxe1 26. Rxe1 Re8 27. Rxe8+
Qxe8 28. Qd3 Qc6+ 29. Qf3 Qd7 30. Qd3 Qc6+ 31. f3  1/2-1/2

[Event "2. Bundesliga West 2018/19"]
[Site "5202 Neumarkt am Wallersee"]
[Date "2018.10.12"]
[Round "1"]
[Board "6"]
[White "Kranewitter, Norbert"]
[Black "Moerwald, Magdalena"]
[Result "1-0"]
[WhiteElo "2008"]
[BlackElo "1789"]
[PlyCount "105"]
[EventDate "2018.10.12"]
[EventType "team"]
[EventRounds "11"]
[EventCountry "AUT"]
[WhiteTeam "Kufstein/Woergl"]
[BlackTeam "ASK Salzburg"]

1. e4 c6 2. d4 d5 3. exd5 cxd5 4. c4 Nf6 5. Nc3 Nc6 6. Bg5 Qa5 7. Bxf6 exf6 8.
cxd5 Bb4 9. Nge2 Qxd5 10. a3 Bxc3+ 11. Nxc3 Qxd4 12. Qxd4 Nxd4 13. O-O-O Nc6
14. Bb5 O-O 15. Bxc6 bxc6 16. Rd6 c5 17. Rhd1 Be6 18. Nd5 Bxd5 19. R1xd5 h6 20.
Rxc5 Rac8 21. Rdc6 Rxc6 22. Rxc6 Re8 23. Rc2 Kf8 24. Rd2 Rc8+ 25. Kb1 Ke7 26.
Ka2 Rc5 27. b4 Rg5 28. g3 Rf5 29. a4 Ke6 30. b5 Rf3 31. g4 Rf4 32. Kb3 Rxg4 33.
a5 Rg5 34. Kb4 Rd5 35. Rc2 Kd7 36. b6 axb6 37. axb6 Rd1 38. Kb5 Ra1 39. Rc7+
Kd8 40. Rxf7 Ra2 41. b7 Rb2+ 42. Ka6 Ra2+ 43. Kb6 Rb2+ 44. Ka7 Ra2+ 45. Kb8
Rxf2 46. Rxg7 Rxh2 47. Rg4 Ra2 48. Rd4+ Ke7 49. Kc7 Rc2+ 50. Kb6 Rb2+ 51. Kc6
h5 52. Rd5 Rc2+ 53. Kb6  1-0

[Event "2. Bundesliga West 2018/19"]
[Site "5202 Neumarkt am Wallersee"]
[Date "2018.10.12"]
[Round "1"]
[Board "1"]
[White "Bensch, Patrick"]
[Black "Hertneck, Gerald"]
[Result "0-1"]
[WhiteElo "2168"]
[BlackElo "2487"]
[PlyCount "62"]
[EventDate "2018.10.12"]
[EventType "team"]
[EventRounds "11"]
[EventCountry "AUT"]
[WhiteTeam "Ranshofen"]
[BlackTeam "Sparkasse Neumarkt"]

1. e4 e6 2. d4 d5 3. Nc3 Bb4 4. e5 c5 5. a3 Ba5 6. b4 cxd4 7. Qg4 Kf8 8. Nb5
Bb6 9. Nf3 Nc6 10. Bb2 a5 11. Nbxd4 axb4 12. axb4 Rxa1+ 13. Bxa1 Nh6 14. Qf4
Nxb4 15. Nxe6+ Bxe6 16. Qxb4+ Kg8 17. Qd2 Ng4 18. Bd4 Bxd4 19. Qxd4 Qa5+ 20.
Qd2 Qa1+ 21. Ke2 Nxe5 22. Nxe5 Qxe5+ 23. Qe3 Qb2 24. Qb3 Qc1 25. g3 d4 26. Qa4
Bg4+ 27. Kd3 Qd1+ 28. Kc4 g6 29. Kc5 b6+ 30. Kd6 Kg7 31. Bg2 Qd2  0-1

[Event "2. Bundesliga West 2018/19"]
[Site "5202 Neumarkt am Wallersee"]
[Date "2018.10.12"]
[Round "1"]
[Board "2"]
[White "Barseghyan, Harutyun"]
[Black "Kuecher, Wolfgang"]
[Result "1-0"]
[WhiteElo "2466"]
[BlackElo "2124"]
[PlyCount "95"]
[EventDate "2018.10.12"]
[EventType "team"]
[EventRounds "11"]
[EventCountry "AUT"]
[WhiteTeam "Sparkasse Neumarkt"]
[BlackTeam "Ranshofen"]

1. e4 g6 2. d4 Bg7 3. Nf3 d6 4. Be3 a6 5. c4 Nc6 6. Nc3 e5 7. Be2 exd4 8. Nxd4
Nge7 9. h4 h5 10. Qd2 Nxd4 11. Bxd4 f6 12. O-O-O Nc6 13. Be3 Be6 14. Qc2 Qe7
15. Nd5 Qf7 16. f3 Bh6 17. Bxh6 Rxh6 18. c5 dxc5 19. Qxc5 Bxd5 20. exd5 Qe7 21.
Qxe7+ Nxe7 22. d6 Nf5 23. dxc7 Rc8 24. Bd3 Rxc7+ 25. Kb1 Ne7 26. Rhe1 Kf7 27.
Rc1 Nc6 28. Bc4+ Kg7 29. Bxa6 bxa6 30. Re6 g5 31. Rcxc6 Rxc6 32. Rxc6 gxh4 33.
Rxa6 Rg6 34. Ra4 Rxg2 35. Rxh4 Kg6 36. a4 Kg5 37. Rh1 Rg3 38. a5 Rxf3 39. Ka2
Rf5 40. b4 Rb5 41. Kb3 h4 42. Ka4 Rb8 43. a6 Kg4 44. b5 h3 45. a7 Ra8 46. b6
Kg3 47. Kb5 Kg2 48. Rb1  1-0

[Event "2. Bundesliga West 2018/19"]
[Site "5202 Neumarkt am Wallersee"]
[Date "2018.10.12"]
[Round "1"]
[Board "3"]
[White "Stadler, Alexander"]
[Black "Kaspret, Guido"]
[Result "1-0"]
[WhiteElo "2114"]
[BlackElo "2289"]
[PlyCount "65"]
[EventDate "2018.10.12"]
[EventType "team"]
[EventRounds "11"]
[EventCountry "AUT"]
[WhiteTeam "Ranshofen"]
[BlackTeam "Sparkasse Neumarkt"]

1. d4 Nf6 2. Nf3 d6 3. c3 g6 4. Bg5 Nbd7 5. Nbd2 Bg7 6. e4 e5 7. dxe5 dxe5 8.
Be2 h6 9. Bh4 O-O 10. Qc2 Qe8 11. Nc4 Nh5 12. Ne3 Nf4 13. Bc4 Nb6 14. Bb3 a5
15. a4 Kh8 16. O-O f5 17. Rfd1 Bd7 18. exf5 gxf5 19. Bg3 Ng6 20. Rxd7 Qxd7 21.
Rd1 Qc8 22. h4 Nf4 23. h5 Nxh5 24. Nh4 Nxg3 25. fxg3 Qe8 26. Nexf5 Rf6 27. Qe4
Qh5 28. Ne7 Bf8 29. Bc2 Qf7 30. Neg6+ Kg7 31. Nxe5 Qg8 32. Qg4+ Kh8 33. Nhg6+
 1-0

[Event "2. Bundesliga West 2018/19"]
[Site "5202 Neumarkt am Wallersee"]
[Date "2018.10.12"]
[Round "1"]
[Board "4"]
[White "De Visser, Leon"]
[Black "Schwarzmeier, Klaus"]
[Result "1/2-1/2"]
[WhiteElo "2243"]
[BlackElo "2187"]
[PlyCount "91"]
[EventDate "2018.10.12"]
[EventType "team"]
[EventRounds "11"]
[EventCountry "AUT"]
[WhiteTeam "Sparkasse Neumarkt"]
[BlackTeam "Ranshofen"]

1. c4 c6 2. g3 Nf6 3. Nf3 d5 4. Bg2 Bf5 5. cxd5 Nxd5 6. O-O e6 7. Re1 Bg6 8.
Nc3 Be7 9. d3 O-O 10. e4 Nb6 11. d4 N8d7 12. Bf4 Re8 13. Qb3 a5 14. a4 Bb4 15.
Rad1 Qe7 16. Re3 Kh8 17. e5 h6 18. Re2 Rec8 19. Ne4 Nd5 20. Bd2 N7b6 21. Bxb4
Qxb4 22. Qxb4 Nxb4 23. Nc5 Rc7 24. Ne1 N6d5 25. Be4 Bxe4 26. Nxe4 Rd8 27. Nd6
Kg8 28. Nd3 Nxd3 29. Rxd3 Ra8 30. Rb3 Nb4 31. Nc4 Nd5 32. Nd6 Nb4 33. Re1 Rd7
34. Rd1 Rad8 35. Rc1 Kf8 36. Rc5 Ke7 37. Kg2 f6 38. h4 Ra8 39. h5 Kd8 40. g4
Kc7 41. f4 b6 42. Rc1 Rf8 43. Rf3 Nd5 44. Nb5+ Kb7 45. Nd6+ Kc7 46. Nb5+
 1/2-1/2

[Event "2. Bundesliga West 2018/19"]
[Site "5202 Neumarkt am Wallersee"]
[Date "2018.10.12"]
[Round "1"]
[Board "5"]
[White "Spiesberger, Gerhard"]
[Black "Wuppinger, Manfred"]
[Result "1/2-1/2"]
[WhiteElo "2076"]
[BlackElo "2036"]
[PlyCount "71"]
[EventDate "2018.10.12"]
[EventType "team"]
[EventRounds "11"]
[EventCountry "AUT"]
[WhiteTeam "Ranshofen"]
[BlackTeam "Sparkasse Neumarkt"]

1. e4 Nf6 2. Nc3 d5 3. d3 dxe4 4. Nxe4 Nxe4 5. dxe4 Qxd1+ 6. Kxd1 e5 7. Bc4 Bc5
8. Ke2 Nc6 9. c3 f5 10. Be3 Bxe3 11. Kxe3 Na5 12. Bb3 f4+ 13. Kd2 Ke7 14. Nf3
Kf6 15. Kc2 g5 16. Rhd1 Nxb3 17. axb3 Be6 18. Ne1 a5 19. Nd3 b6 20. c4 c5 21.
Nc1 Rhd8 22. Ne2 h5 23. Rxd8 Rxd8 24. Rd1 Rxd1 25. Kxd1 Bd7 26. Nc3 Bc6 27. Ke2
g4 28. f3 Kg5 29. fxg4 hxg4 30. Kf2 Be8 31. g3 Bg6 32. Ke2 Be8 33. Kd3 Bd7 34.
Ke2 Bc6 35. Kd3 Bd7 36. Ke2  1/2-1/2

[Event "2. Bundesliga West 2018/19"]
[Site "5202 Neumarkt am Wallersee"]
[Date "2018.10.12"]
[Round "1"]
[Board "6"]
[White "Baier, Patrick"]
[Black "Doppelhammer, Herbert"]
[Result "1/2-1/2"]
[WhiteElo "2008"]
[BlackElo "1983"]
[PlyCount "68"]
[EventDate "2018.10.12"]
[EventType "team"]
[EventRounds "11"]
[EventCountry "AUT"]
[WhiteTeam "Sparkasse Neumarkt"]
[BlackTeam "Ranshofen"]

1. e4 e5 2. Nf3 Nc6 3. Bc4 Bc5 4. b4 Bxb4 5. c3 Be7 6. d4 Bf6 7. Qb3 Qe7 8. Ba3
d6 9. O-O Nh6 10. dxe5 Bxe5 11. Nxe5 Nxe5 12. Bb5+ c6 13. Be2 Be6 14. c4 b5 15.
Nd2 O-O 16. f4 Nxc4 17. Nxc4 bxc4 18. Bxc4 Rfb8 19. Qc3 Bxc4 20. Qxc4 d5 21.
Bxe7 dxc4 22. Ba3 Re8 23. e5 Nf5 24. Rac1 Red8 25. Bc5 Rd5 26. Rxc4 h5 27. Rfc1
Rb8 28. R1c2 a5 29. Kf2 Rb5 30. Kf3 g6 31. Bf2 Rb4 32. Rxc6 Rd3+ 33. Ke2 Ra3
34. g3 Rba4  1/2-1/2

[Event "2. Bundesliga West 2018/19"]
[Site "Tirol"]
[Date "2018.10.13"]
[Round "2"]
[Board "1"]
[White "Bilchinski, Anton"]
[Black "Rotstein, Arkadij"]
[Result "1/2-1/2"]
[WhiteElo "2301"]
[BlackElo "2481"]
[PlyCount "69"]
[EventDate "2018.10.12"]
[EventType "team"]
[EventRounds "11"]
[EventCountry "AUT"]
[WhiteTeam "Pradl"]
[BlackTeam "Absam"]

1. d4 Nf6 2. c4 d6 3. Nf3 Nbd7 4. Nc3 e5 5. g3 g6 6. Bg2 Bg7 7. O-O O-O 8. b3
exd4 9. Nxd4 Re8 10. Bb2 Nc5 11. Qc2 a5 12. Rad1 c6 13. h3 Qb6 14. Ba3 Nfd7 15.
e3 Ne5 16. Nde2 a4 17. Bxc5 Qxc5 18. Nxa4 Rxa4 19. bxa4 Nxc4 20. Nf4 Nb2 21.
Qxc5 dxc5 22. Rc1 c4 23. Rc2 c3 24. a5 Bf5 25. e4 Be6 26. Nxe6 fxe6 27. Rfc1
Ra8 28. Rxc3 Bxc3 29. Rxc3 Rxa5 30. Rb3 Rxa2 31. Rxb7 Nd3 32. Rc7 Rc2 33. e5
Nxf2 34. Re7 Nd3 35. Rxe6  1/2-1/2

[Event "2. Bundesliga West 2018/19"]
[Site "Tirol"]
[Date "2018.10.13"]
[Round "2"]
[Board "2"]
[White "Dizdar, Goran"]
[Black "Doskocil, Klaus"]
[Result "1-0"]
[WhiteElo "2480"]
[BlackElo "2190"]
[PlyCount "73"]
[EventDate "2018.10.12"]
[EventType "team"]
[EventRounds "11"]
[EventCountry "AUT"]
[WhiteTeam "Absam"]
[BlackTeam "Pradl"]

1. Nf3 c5 2. c4 g6 3. e4 Bg7 4. d4 cxd4 5. Nxd4 Nc6 6. Nc2 d6 7. Be2 f5 8. exf5
Bxf5 9. O-O Nf6 10. Ne3 Be6 11. Nc3 O-O 12. Ned5 Qd7 13. Bg5 Rac8 14. Rc1 Ne5
15. b3 Nxd5 16. Nxd5 Rf7 17. Qd2 b6 18. Be3 Ng4 19. Bxg4 Bxg4 20. Bd4 Bxd4 21.
Qxd4 Rcf8 22. Rce1 e5 23. Qd2 Kg7 24. Re3 Qc6 25. Nc3 Rd7 26. h3 Be6 27. Kh2 a6
28. a4 Rf4 29. Ne2 Rf6 30. Nc3 Rf4 31. Qb2 Rdf7 32. f3 h5 33. Rd1 Rd7 34. Ne4
Rf8 35. Rxd6 Rxd6 36. Qxe5+ Kf7 37. Nxd6+  1-0

[Event "2. Bundesliga West 2018/19"]
[Site "Tirol"]
[Date "2018.10.13"]
[Round "2"]
[Board "3"]
[White "Everett, Elijah"]
[Black "Lehner, Oliver"]
[Result "0-1"]
[WhiteElo "2232"]
[BlackElo "2399"]
[PlyCount "54"]
[EventDate "2018.10.12"]
[EventType "team"]
[EventRounds "11"]
[EventCountry "AUT"]
[WhiteTeam "Pradl"]
[BlackTeam "Absam"]

1. e4 g6 2. d4 Bg7 3. Nc3 d6 4. f4 Nf6 5. Nf3 O-O 6. Bd3 Na6 7. O-O c5 8. d5
Nc7 9. a4 a6 10. Bc4 Nd7 11. Re1 Rb8 12. a5 b5 13. axb6 Rxb6 14. Qd3 Rb4 15.
Na4 Rb8 16. Bd2 Nb5 17. Kh1 Qc7 18. c3 Nf6 19. h3 Rd8 20. Be3 Nxe4 21. Bg1 Nf6
22. Re2 Qd7 23. b4 cxb4 24. Rae1 Nxc3 25. Nb6 Qf5 26. Rxe7 Qxd3 27. Bxd3 Bb7
 0-1

[Event "2. Bundesliga West 2018/19"]
[Site "Tirol"]
[Date "2018.10.13"]
[Round "2"]
[Board "4"]
[White "Weinzettl, Ernst"]
[Black "Mittelberger, Peter"]
[Result "1/2-1/2"]
[WhiteElo "2220"]
[BlackElo "2199"]
[PlyCount "60"]
[EventDate "2018.10.12"]
[EventType "team"]
[EventRounds "11"]
[EventCountry "AUT"]
[WhiteTeam "Absam"]
[BlackTeam "Pradl"]

1. e4 d6 2. d4 g6 3. Nf3 Bg7 4. Bc4 c6 5. Nc3 Nf6 6. Qe2 d5 7. Bd3 dxe4 8. Nxe4
Nxe4 9. Bxe4 Nd7 10. c3 O-O 11. O-O Qc7 12. Bg5 e5 13. Qd2 exd4 14. Nxd4 Nc5
15. Bc2 Ne6 16. Nxe6 Bxe6 17. Rfe1 Rfe8 18. Bb3 Bxb3 19. Rxe8+ Rxe8 20. axb3 a6
21. g3 f6 22. Be3 Rd8 23. Qe2 Qf7 24. Rd1 Rxd1+ 25. Qxd1 h5 26. Qd8+ Kh7 27.
Qb6 Qd7 28. h4 f5 29. Bf4 Qd1+ 30. Kg2 Qd5+  1/2-1/2

[Event "2. Bundesliga West 2018/19"]
[Site "Tirol"]
[Date "2018.10.13"]
[Round "2"]
[Board "5"]
[White "Sucher, Johannes"]
[Black "Deglmann, Ludwig"]
[Result "0-1"]
[WhiteElo "2172"]
[BlackElo "2270"]
[PlyCount "80"]
[EventDate "2018.10.12"]
[EventType "team"]
[EventRounds "11"]
[EventCountry "AUT"]
[WhiteTeam "Pradl"]
[BlackTeam "Absam"]

1. d4 g6 2. e4 Bg7 3. Nc3 d5 4. Nf3 c6 5. Be2 dxe4 6. Nxe4 Nd7 7. Bc4 Ndf6 8.
Neg5 Nh6 9. Ne5 Nd5 10. Ne4 Nf5 11. O-O O-O 12. c3 Nd6 13. Bd3 Nxe4 14. Bxe4
Be6 15. f4 Nf6 16. Bc2 Nd7 17. Bb3 Bxb3 18. Qxb3 Nxe5 19. fxe5 b5 20. Bg5 h6
21. Bh4 g5 22. Bg3 Qd5 23. h4 Qxb3 24. axb3 a5 25. hxg5 hxg5 26. Rf5 f6 27. e6
a4 28. bxa4 bxa4 29. Bc7 Rfc8 30. Ba5 c5 31. Rxa4 cxd4 32. cxd4 Rc2 33. b4 Re2
34. d5 Rc8 35. b5 Kh7 36. b6 Kg6 37. Rf1 Rcc2 38. Rg4 f5 39. Rg3 Be5 40. Rff3
f4  0-1

[Event "2. Bundesliga West 2018/19"]
[Site "Tirol"]
[Date "2018.10.13"]
[Round "2"]
[Board "6"]
[White "De Francesco, Klaus"]
[Black "Niedermair, Hannes"]
[Result "1/2-1/2"]
[WhiteElo "2288"]
[BlackElo "2032"]
[PlyCount "87"]
[EventDate "2018.10.12"]
[EventType "team"]
[EventRounds "11"]
[EventCountry "AUT"]
[WhiteTeam "Absam"]
[BlackTeam "Pradl"]

1. d4 Nf6 2. Bf4 d6 3. Nc3 c6 4. e4 Qa5 5. Qd2 e5 6. Bg3 Nbd7 7. Nf3 Be7 8. a3
O-O 9. Be2 Re8 10. h3 Bf8 11. b4 Qc7 12. dxe5 dxe5 13. O-O g6 14. Rfd1 Nh5 15.
Bh2 Bg7 16. Ng5 Nf8 17. Bxh5 gxh5 18. Qe2 h6 19. Nf3 Qe7 20. Rd2 Ng6 21. Qe3
Be6 22. Ne2 Nh4 23. Rad1 Nxf3+ 24. Qxf3 h4 25. Kh1 Rad8 26. Qc3 Rxd2 27. Rxd2
Rd8 28. Ng1 Rxd2 29. Qxd2 Qg5 30. Nf3 Qxd2 31. Nxd2 f5 32. f3 h5 33. exf5 Bxf5
34. Ne4 Bxe4 35. fxe4 Kf7 36. a4 Ke6 37. Bg1 a6 38. Be3 Bf6 39. Kg1 b5 40. axb5
axb5 41. Kf2 Be7 42. c3 Kf7 43. Ke2 Kg6 44. Kf3  1/2-1/2

[Event "2. Bundesliga West 2018/19"]
[Site "Tirol"]
[Date "2018.10.13"]
[Round "2"]
[Board "1"]
[White "Spornberger, Andre"]
[Black "Fedorovsky, Michael"]
[Result "1/2-1/2"]
[WhiteElo "2313"]
[BlackElo "2481"]
[PlyCount "86"]
[EventDate "2018.10.12"]
[EventType "team"]
[EventRounds "11"]
[EventCountry "AUT"]
[WhiteTeam "Rochade Rum"]
[BlackTeam "Jenbach 2"]

1. d4 d5 2. Bf4 Nf6 3. e3 c5 4. c3 Nc6 5. Nd2 cxd4 6. exd4 Bf5 7. Qb3 Qd7 8.
Ngf3 a6 9. a4 e6 10. Be2 Bd6 11. Bxd6 Qxd6 12. Qxb7 O-O 13. Qb3 Rab8 14. Qa2 e5
15. dxe5 Nxe5 16. O-O Nd3 17. Bxd3 Bxd3 18. Rfe1 Qb6 19. b3 Rfc8 20. Rac1 Ng4
21. Nd4 Rxc3 22. Qb2 Rxc1 23. Rxc1 Ne5 24. Qc3 h5 25. Qc5 Qh6 26. Rd1 Qf6 27.
h3 Be4 28. f3 Nd3 29. Qa7 Rb6 30. Nc2 Qc6 31. Ne3 Qc5 32. Ndf1 Bg6 33. Qa8+ Kh7
34. Qxd5 Qxd5 35. Nxd5 Rxb3 36. Ra1 a5 37. Nd2 Rb2 38. Nc4 Rc2 39. Nde3 Re2 40.
Kf1 Rf2+ 41. Kg1 Re2 42. Kf1 Rf2+ 43. Kg1 Re2  1/2-1/2